Sintra (Record no. 45684)
[ view plain ]
| 000 -Etiqueta do registo | |
|---|---|
| Valores | 00352nam a2200157 4500 |
| 100 ## - Dados gerais de processamento | |
| Dados gerais | 20260218 pory50 |
| 101 ## - Língua de publicação | |
| Língua | por |
| 102 ## - País de publicação | |
| País | PT |
| 200 ## - Titulo e menção de responsabilidade | |
| Título próprio | Sintra |
| Título paralelo | Villas & Golfe |
| Primeira menção de responsabilidade | Villas & Golfe |
| 210 ## - Publicação | |
| Nome do editor | PM Media - Comunicação |
| 215 ## - Descrição física | |
| Paginação / Volumes | v. |
| 675 ## - CDU | |
| Notação | 908(469)(05) |
| 801 ## - Fonte de origem | |
| País | PT |
| Regras de catalogação | RPC |
| 990 ## - Elementos KOHA | |
| Tipo de documento | Jornais e Revistas |
| Aquisição | Empréstimo | Código de barras | Cota | Permissão de empréstimo | Tipo de documento | Nota relativa ao exemplar |
|---|---|---|---|---|---|---|
| Biblioteca Municipal de Redondo | Biblioteca Municipal de Redondo | 056399 | 908(469)(05) SIN | Consulta presencial | Jornais e Revistas | Sintra [ suplemento da revista Villas & Golfe] |